Sobre literatura

Saved in:
書目詳細資料
主要作者: Eco, Umberto (Author)
格式: 圖書
語言:西班牙语
出版: Barcelona RqueR 2002
版:1a. ed
主題:
標簽: 添加標簽
沒有標簽, 成為第一個標記此記錄!

MARC

LEADER 00000nam a2200000 a 4500
001 UCK3194
003 CL-VaPUC
008 050415e20020000SP |||||||||||||||||spa|d
020 |a 8493272116 
082 0 4 |a 809  |b ECO  |2 21 
100 0 |a Eco, Umberto  |e author  |9 491205 
245 1 0 |a Sobre literatura 
250 |a 1a. ed 
300 |a 347 p 
942 |c BK 
945 |d 20050415 00:00:00  |a jcarroza 
260 |a Barcelona  |b RqueR  |c 2002 
650 0 |a Literatura  |9 259151 
650 0 |a Historia y crítica   |9 257407 
583 |a last modification  |c 20050415 00:00:00  |k Rodrigo Vera 
999 |c 312458  |d 312456 
952 |0 0  |1 0  |4 0  |6 809_000000000000000_ECO_2002  |7 0  |8 A  |9 382855  |a BIBART  |b BIBART  |d 2019-11-21  |i 4104676  |l 1  |m 1  |o 809 ECO 2002  |p 4104676  |r 2025-03-13  |s 2023-04-27  |w 2019-11-21  |y BK  |k ART 
952 |0 0  |1 0  |4 0  |6 809_000000000000000_ECO_2002  |7 0  |8 ?  |9 382856  |a BIBEDU  |b BIBEDU  |d 2019-11-21  |i 4165438  |o 809 ECO 2002  |p 4165438  |r 2019-11-21  |w 2019-11-21  |y BK  |k LIT